(A)mar / (Record no. 193162)

MARC details
000 -LEADER
campo de control de longitud fija 02175nam a2200445 i 4500
001 - NÚMERO DE CONTROL
campo de control 193162
003 - IDENTIFICADOR DE NÚMERO DE CONTROL
campo de control SpMaBN
005 - FECHA Y HORA DE LA ÚLTIMA TRANSACCIÓN
campo de control 20250825062646.0
007 - CAMPO FIJO DE DESCRIPCIÓN FÍSICA--INFORMACIÓN GENERAL
campo de control de longitud fija ta
008 - DATOS DE LONGITUD FIJA--INFORMACIÓN GENERAL
campo de control de longitud fija 230915s2022 sp a | |||| 000 p spa
015 ## - NÚMERO DE BIBLIOGRAFÍA NACIONAL
Número de bibliografía nacional MON21
017 ## - NÚMERO DE COPYRIGHT O DE DEPÓSITO LEGAL
Número de copyright o de depósito legal B 17904-2021
Agencia que asigna Oficina Depósito Legal Barcelona
020 ## - NÚMERO INTERNACIONAL ESTÁNDAR DEL LIBRO
Número Internacional Estándar del Libro 9788409349579
035 ## - NÚMERO DE CONTROL DEL SISTEMA
Número de control de sistema (OCoLC)1322822314
035 ## - NÚMERO DE CONTROL DEL SISTEMA
Número de control de sistema a7118328
040 ## - FUENTE DE CATALOGACIÓN
Centro catalogador/agencia de origen SpMaBN
Lengua de catalogación spa
Centro/agencia transcriptor SpMaBN
Normas de descripción rda
Centro/agencia modificador ES-MaACL
080 ## - NÚMERO DE LA CLASIFICACIÓN DECIMAL UNIVERSAL
Número de la Clasificación Decimal Universal 7 Cabellut, Lita
080 ## - NÚMERO DE LA CLASIFICACIÓN DECIMAL UNIVERSAL
Número de la Clasificación Decimal Universal 821.134.2-14"19"
100 ## - ENTRADA PRINCIPAL--NOMBRE DE PERSONA
Nombre de persona Santiso, Javier,
Fechas asociadas al nombre 1969-
Término indicativo de función/relación Autor
9 (RLIN) 234222
245 10 - MENCIÓN DEL TÍTULO
Título (A)mar /
Mención de responsabilidad, etc. Javier Santiso, Lita Cabellut
246 3# - FORMA VARIANTE DEL TITULO
Título propio/Titulo breve Amar
246 3# - FORMA VARIANTE DEL TITULO
Título propio/Titulo breve A mar
250 ## - MENCION DE EDICION
Mención de edición Primera edición: 2022
264 #1 - PRODUCCIÓN, PUBLICACIÓN, DISTRIBUCIÓN, FABRICACIÓN Y COPYRIGHT
Producción, publicación, distribución, fabricación y copyright Barcelona :
Nombre del de productor, editor, distribuidor, fabricante La Cama Sol,
Fecha de producción, publicación, distribución, fabricación o copyright 2022
300 ## - DESCRIPCIÓN FÍSICA
Extensión 51 páginas :
Otras características físicas ilustraciones (color) ;
Dimensiones 24 cm
336 ## - TIPO DE CONTENIDO
Término de tipo de contenido Texto
-- Imagen fija
Fuente rdacontent
337 ## - TIPO DE MEDIO
Nombre/término del tipo de medio sin mediación
Fuente rdamedia
338 ## - TIPO DE SOPORTE
Nombre/término del tipo de soporte volumen
Fuente rdacarrier
500 ## - NOTA GENERAL
Nota general Copia 449 de 500 ejemplares
520 ## - RESUMEN, ETC.
Sumario, etc. Obra en torno a la vida y obra de Lita Cabellut, narrada y descrita por Javier Santiso. Así empieza: «Nací en una ciudad cerca del mar. Me pusieron un nombre breve. Apenas unas palabras del alfabeto. De pequeña soñaba que las galaxias se bañaban en mis venas. Con los años mi vida ha seguido creciendo. Se ha ido a todas partes. Se amplió hasta los muelles, y luego se fue más allá, hacia los pinares. Y de nuevo hasta las altas montañas, las de barba blanca, llenas de nieve. En cada silencio escuchaba la voz de mi padre que se acercaba. Con la mano rozaba las paredes. Sobre el muro pasaba la cuchilla de su piel y así sabía que se acercaba, por el ruido».
655 #7 - TERMINO DE INDIZACIÓN--GENERO/FORMA
Datos o término principal de género/forma Poesías
Fuente del término tgfbne
9 (RLIN) 176539
655 #7 - TERMINO DE INDIZACIÓN--GENERO/FORMA
Datos o término principal de género/forma Libros ilustrados
Fuente del término tgfbne
9 (RLIN) 193653
700 1# - ENTRADA AGREGADA--NOMBRE PERSONAL
Nombre de persona Cabellut, Lita,
Fechas asociadas al nombre 1961-
Término indicativo de función/relación Ilustrador
9 (RLIN) 234223
852 ## - LOCALIZACIÓN
Ubicación ES-MaACL
itemnumber 200520
Número de control de estantería N-9380
Ubicación en estantería Depósito J
Sublocalización o colección R.154569
Donativo/Legado Donación: Javier Santiso
Anotaciones manuscritas 449/500
Encuadernación Encuadernación rústica con solapas
903 ## - NOMBRE PERSONAL DE DONANTE
a Santiso, Javier,
d 1969-
e Donante
9 234222
942 ## - ELEMENTOS DE ENTRADA SECUNDARIOS (KOHA)
Suprimir en OPAC No
Tipo de ítem Koha Libro impreso
Holdings
Estatus retirado Estado de pérdida Fuente del sistema de clasificación o colocación Estado de daño No para préstamo Biblioteca de origen Biblioteca actual Ubicación en estantería Fecha de adquisición Fuente de adquisición Número de control de estantería Total de préstamos Signatura topográfica completa Código de barras Visto por última vez Tipo de ítem Koha
    Clasificación decimal universal     Biblioteca del Ateneo de Madrid Biblioteca del Ateneo de Madrid Depósito J 15/09/2023 Donación Ateneísta   N-9380 101205815 15/09/2023 Libro impreso